000 00799nas a2200277 4500
001 BR2012002717
003 BR-BrBNA
005 20231205120422.0
007 ta
008 230509b bl.|||p| |||| 00| 00por d
040 _aBR-BrBNA
_bpor
_cBiblioteca Nacional de Agricultura
041 _a(En)
072 _aM40
100 1 _aSophia, M. da G.
100 1 _aPérez, M. del C.
245 1 _aPlanktic Desmids from Merin Lagoon, a biosphere world reserve
650 _aPLÂNCTON
650 _aFITOPLÂNCTON
650 _aLAGOA MERIN
650 _aALGA VERDE
650 _aURUGUAI
650 _aBRASIL
773 0 _tIheringia. Série Botânica (Brazil)
_xISSN 0073-4705
_g(Dec 2010), v. 65(2) p. 183-199
_wBR2012002717
909 _a202311
_bLúcia
_c55
_dLúcia Elande
942 _2AGRIS
_n0
_cANA
999 _c218400
_d218400